| 000 | 00964nam a2200301 4500 | ||
|---|---|---|---|
| 003 | EG-GICUC | ||
| 005 | 20260331120008.0 | ||
| 008 | 260331s1973 -us ||fr|||| 000 0 eng d | ||
| 020 | _a0672818906 | ||
| 040 |
_aEG-GiCUC _beng _cEG-GiCUC _dEG-GiCUC _erda |
||
| 041 | 0 | _aeng | |
| 082 | 0 | 4 |
_221 _a341.48 _bSO . B |
| 092 | 0 | 4 | _221 |
| 099 | _aLaw1 11 341.48 SO . B 1973 | ||
| 100 | 1 |
_aSoha ,Louis B _eAuthor. |
|
| 245 | 1 | 0 |
_aBasic Documents On International Protection Of Human Rights / _cLouis B Soha Thomas Buergenthal. |
| 264 | 1 |
_aNew York : _bThe boss-merrll company,, _c1973. |
|
| 300 |
_a244 pages, _c24 cm. |
||
| 336 |
_2rda content _atext |
||
| 337 |
_2rda media _aComputer |
||
| 338 |
_2rda carrier _aOnline Resource |
||
| 546 | _aText in English | ||
| 650 | 1 | 4 | _aPublic international law |
| 700 | 1 |
_aBuergenthal, Thomas _ejoint author. |
|
| 856 | 4 | 0 | _uhttps://fll.law.cu.edu.eg/fulltext/bks/B11-08882.pdf |
| 905 | _a48 | ||
| 942 |
_2ddc _cBK _e21 _n0 |
||
| 999 |
_c67781 _d67781 |
||